[Event "Charleroi TIPC op"]
[Site "Charleroi"]
[Date "2008.07.31"]
[Round "7"]
[White "Noiroux, Kevin"]
[Black "Vivone, Santino"]
[Result "1-0"]
[WhiteElo "2140"]
[BlackElo "1983"]
[PlyCount "33"]
[EventDate "2008.07.26"]
[EventType "swiss"]
[EventRounds "9"]
[EventCountry "BEL"]
[SourceTitle "EXT 2009"]
[Source "ChessBase"]
[SourceDate "2008.11.26"]
[SourceVersion "1"]
[SourceVersionDate "2008.11.26"]
[SourceQuality "1"]

1. d4 Nf6 2. c4 e6 3. Nc3 d5 4. cxd5 exd5 5. Bg5 Be7 6. e3 0-0 7. Bd3 b6 8. Bxf6 Bxf6 9. Qh5 g6 10. Qxd5 c6 11. Qf3 Bb7 12. Nge2 Nd7 13. Rd1 Bg7 14. 0-0 f5 15. Nf4 Qe7 16. Bc4+ Kh8 17. Nxg6+ 1-0